[Event "1SM"]
[Site "Sharjah Chess Club"]
[Date "2017.03.27"]
[Round "5.7"]
[White "Svane, Rasmus"]
[Black "Oleksiyenko, Mykhaylo"]
[Result "1-0"]
[BlackElo "2643"]
[WhiteElo "2570"]
[LiveChessVersion "1.4.8"]

1. d4 {[%clk 1:40:26]} d5 {[%clk 1:40:23]} 2. c4 {[%clk 1:40:49]} c6
{[%clk 1:40:52]} 3. Nc3 {[%clk 1:39:31]} Nf6 {[%clk 1:41:12]} 4. e3
{[%clk 1:39:57]} g6 {[%clk 1:41:12]} 5. Nf3 {[%clk 1:40:15]} Bg7 {[%clk 1:41:38]}
6. Be2 {[%clk 1:40:38]} O-O {[%clk 1:42:03]} 7. O-O {[%clk 1:41:02]} dxc4
{[%clk 1:41:30]} 8. Bxc4 {[%clk 1:41:25]} Bg4 {[%clk 1:41:55]} 9. h3
{[%clk 1:38:19]} Bxf3 {[%clk 1:41:37]} 10. Qxf3 {[%clk 1:38:46]} Nbd7
{[%clk 1:42:04]} 11. Rd1 {[%clk 1:38:45]} e5 {[%clk 1:42:21]} 12. d5
{[%clk 1:38:11]} e4 {[%clk 1:42:41]} 13. Nxe4 {[%clk 1:38:00]} Nxe4
{[%clk 1:43:06]} 14. Qxe4 {[%clk 1:38:24]} Nb6 {[%clk 1:43:18]} 15. Qc2
{[%clk 1:31:01]} cxd5 {[%clk 1:36:21]} 16. Be2 {[%clk 1:30:40]} Rc8
{[%clk 1:33:38]} 17. Qb3 {[%clk 1:30:29]} Qc7 {[%clk 1:32:15]} 18. Bg4
{[%clk 1:14:59]} Rcd8 {[%clk 1:29:04]} 19. Bd2 {[%clk 1:12:42]} Nc4
{[%clk 1:12:25]} 20. Bc3 {[%clk 0:59:40]} Na5 {[%clk 1:08:22]} 21. Qc2
{[%clk 0:31:32]} d4 {[%clk 1:03:56]} 22. exd4 {[%clk 0:31:53]} Bxd4
{[%clk 1:00:22]} 23. Rac1 {[%clk 0:29:01]} Bxc3 {[%clk 0:59:57]} 24. Qxc3
{[%clk 0:28:31]} Qxc3 {[%clk 0:57:59]} 25. Rxc3 {[%clk 0:28:44]} Nc6
{[%clk 0:54:42]} 26. Kf1 {[%clk 0:23:59]} Rxd1+ {[%clk 0:47:30]} 27. Bxd1
{[%clk 0:24:24]} Rd8 {[%clk 0:47:58]} 28. Bf3 {[%clk 0:23:02]} Rd2
{[%clk 0:46:31]} 29. Rb3 {[%clk 0:17:23]} Rd7 {[%clk 0:46:50]} 30. Bxc6
{[%clk 0:17:46]} bxc6 {[%clk 0:47:17]} 31. Ke2 {[%clk 0:18:10]} Kf8
{[%clk 0:47:27]} 32. Rc3 {[%clk 0:17:52]} Rb7 {[%clk 0:44:57]} 33. b3
{[%clk 0:17:51]} Rb6 {[%clk 0:45:24]} 34. Kd3 {[%clk 0:17:53]} Ke7
{[%clk 0:45:51]} 35. Kc4 {[%clk 0:17:49]} Rb5 {[%clk 0:44:37]} 36. Re3+
{[%clk 0:16:46]} Kd6 {[%clk 0:43:59]} 37. Rd3+ {[%clk 0:16:56]} Kc7
{[%clk 0:41:11]} 38. Rf3 {[%clk 0:16:30]} f5 {[%clk 0:41:38]} 39. Re3
{[%clk 0:15:51]} Kd6 {[%clk 0:36:33]} 40. Rd3+ {[%clk 0:15:51]} Kc7
{[%clk 0:36:57]} 41. f4 {[%clk 0:11:41]} Rb8 {[%clk 0:31:01]} 42. Re3
{[%clk 0:11:43]} Kd6 {[%clk 0:31:27]} 43. b4 {[%clk 0:10:52]} Rf8
{[%clk 0:27:21]} 44. a4 {[%clk 0:10:34]} Rg8 {[%clk 0:14:22]} 45. Rd3+
{[%clk 0:08:57]} Kc7 {[%clk 0:14:48]} 46. Kc5 {[%clk 0:07:37]} Re8
{[%clk 0:08:41]} 47. Rd6 {[%clk 0:07:29]} Re2 {[%clk 0:08:23]} 48. Rxc6+
{[%clk 0:07:53]} Kb7 {[%clk 0:08:30]} 49. Rf6 {[%clk 0:07:44]} Rxg2
{[%clk 0:08:58]} 50. Rf7+ {[%clk 0:07:39]} Kb8 {[%clk 0:09:25]} 51. Rxh7
{[%clk 0:05:50]} g5 {[%clk 0:08:42]} 52. fxg5 {[%clk 0:04:49]} Rxg5
{[%clk 0:09:09]} 53. h4 {[%clk 0:05:12]} Rg6 {[%clk 0:08:25]} 54. Kd5
{[%clk 0:04:27]} Rg4 {[%clk 0:08:21]} 55. h5 {[%clk 0:02:19]} Rxb4
{[%clk 0:08:41]} 56. Rf7 {[%clk 0:00:52]} Rh4 {[%clk 0:07:42]} 57. Rxf5
{[%clk 0:00:49]} Rxa4 {[%clk 0:07:32]} 58. Ke6 {[%clk 0:01:09]} Kc7
{[%clk 0:01:14]} 59. Kf7 {[%clk 0:01:15]} Rh4 {[%clk 0:01:05]} 60. Kg7
{[%clk 0:00:54]} Kd6 {[%clk 0:00:51]} 61. h6 {[%clk 0:01:15]} Rg4+
{[%clk 0:00:35]} 62. Kf7 {[%clk 0:01:18]} Rh4 {[%clk 0:00:59]} 63. Kg7
{[%clk 0:01:19]} Rg4+ {[%clk 0:00:49]} 64. Kf7 {[%clk 0:01:35]} Rh4
{[%clk 0:01:07]} 65. Kg6 {[%clk 0:01:48]} Ke6 {[%clk 0:01:12]} 66. Rg5
{[%clk 0:01:56]} a5 {[%clk 0:00:34]} 67. h7 {[%clk 0:02:16]} Kd5 1-0

[Event "1SM"]
[Site "Sharjah Chess Club"]
[Date "2017.03.27"]
[Round "5.8"]
[White "Wojtaszek, Radoslaw"]
[Black "Sunilduth Lyna, Narayanan"]
[Result "1/2-1/2"]
[BlackElo "2526"]
[WhiteElo "2745"]
[LiveChessVersion "1.4.8"]

1. d4 {[%clk 1:40:26]} Nf6 {[%clk 1:40:15]} 2. c4 {[%clk 1:40:52]} g6
{[%clk 1:40:08]} 3. Nc3 {[%clk 1:41:17]} d5 {[%clk 1:40:32]} 4. cxd5
{[%clk 1:41:43]} Nxd5 {[%clk 1:40:56]} 5. Bd2 {[%clk 1:42:09]} Bg7
{[%clk 1:41:14]} 6. e4 {[%clk 1:42:32]} Nxc3 {[%clk 1:41:32]} 7. Bxc3
{[%clk 1:42:56]} O-O {[%clk 1:41:53]} 8. Qd2 {[%clk 1:42:48]} Nc6
{[%clk 1:34:42]} 9. Nf3 {[%clk 1:43:12]} Bg4 {[%clk 1:34:19]} 10. d5
{[%clk 1:43:36]} Bxf3 {[%clk 1:34:00]} 11. Bxg7 {[%clk 1:43:58]} Kxg7
{[%clk 1:34:24]} 12. gxf3 {[%clk 1:44:22]} Ne5 {[%clk 1:34:40]} 13. O-O-O
{[%clk 1:44:45]} c6 {[%clk 1:30:34]} 14. Qc3 {[%clk 1:44:47]} f6 {[%clk 1:30:51]}
15. Bh3 {[%clk 1:45:09]} Qd6 {[%clk 1:15:26]} 16. dxc6 {[%clk 1:08:11]} Qxc6
{[%clk 1:14:37]} 17. Qxc6 {[%clk 1:08:17]} Nxc6 {[%clk 1:14:30]} 18. Rd7
{[%clk 1:08:35]} Rac8 {[%clk 1:05:16]} 19. Kb1 {[%clk 1:04:59]} Rb8
{[%clk 1:02:38]} 20. f4 {[%clk 1:01:10]} Rfd8 {[%clk 1:01:40]} 21. Rhd1
{[%clk 1:00:43]} Kf7 {[%clk 0:51:13]} 22. a3 {[%clk 0:50:51]} Rxd7
{[%clk 0:49:47]} 23. Rxd7 {[%clk 0:50:15]} g5 {[%clk 0:45:14]} 24. fxg5
{[%clk 0:50:20]} fxg5 {[%clk 0:45:33]} 25. Rc7 {[%clk 0:50:47]} Ne5
{[%clk 0:43:17]} 26. Bc8 {[%clk 0:47:33]} b5 {[%clk 0:39:15]} 27. b4
{[%clk 0:47:55]} Nc4 {[%clk 0:33:21]} 28. Ka2 {[%clk 0:25:13]} Nd6
{[%clk 0:30:03]} 29. Bd7 {[%clk 0:25:24]} Nxe4 {[%clk 0:28:52]} 30. f3
{[%clk 0:20:24]} Nd2 {[%clk 0:18:37]} 31. Bxb5 {[%clk 0:20:43]} e6
{[%clk 0:18:06]} 32. Rc5 {[%clk 0:17:48]} Nxf3 {[%clk 0:18:03]} 33. h3
{[%clk 0:17:48]} Kf6 {[%clk 0:18:03]} 34. Be2 {[%clk 0:16:48]} Nd4
{[%clk 0:18:19]} 35. Bh5 {[%clk 0:15:33]} Rb7 {[%clk 0:18:03]} 36. Kb2
{[%clk 0:15:50]} e5 {[%clk 0:14:34]} 37. Kc3 {[%clk 0:15:57]} Nb5+
{[%clk 0:07:56]} 38. Kb3 Nd4+ {[%clk 0:06:27]} 1/2-1/2

[Event "1SM"]
[Site "Sharjah Chess Club"]
[Date "2017.03.27"]
[Round "5.9"]
[White "Naiditsch, Arkadij"]
[Black "Karthikeyan, P."]
[Result "1-0"]
[BlackElo "2507"]
[WhiteElo "2702"]
[LiveChessVersion "1.4.8"]

1. d4 {[%clk 1:40:25]} Nf6 {[%clk 1:40:02]} 2. Nf3 {[%clk 1:40:48]} g6
{[%clk 1:35:59]} 3. Bf4 {[%clk 1:40:49]} Bg7 {[%clk 1:35:52]} 4. e3
{[%clk 1:41:01]} d6 {[%clk 1:34:47]} 5. Be2 {[%clk 1:41:21]} O-O {[%clk 1:35:07]}
6. O-O {[%clk 1:41:34]} Nbd7 {[%clk 1:32:27]} 7. c3 {[%clk 1:38:20]} b6
{[%clk 1:27:19]} 8. a4 {[%clk 1:37:39]} a6 {[%clk 1:26:56]} 9. h3
{[%clk 1:37:02]} Bb7 {[%clk 1:26:10]} 10. Na3 {[%clk 1:37:12]} c5
{[%clk 1:25:17]} 11. Bh2 {[%clk 1:37:19]} Ra7 {[%clk 1:25:01]} 12. Qb3
{[%clk 1:34:37]} Qa8 {[%clk 1:22:03]} 13. Rfd1 {[%clk 1:33:22]} b5
{[%clk 1:02:56]} 14. axb5 {[%clk 1:07:21]} axb5 {[%clk 1:01:36]} 15. Bxb5
{[%clk 1:07:11]} Bxf3 {[%clk 1:00:59]} 16. gxf3 {[%clk 1:07:36]} Qxf3
{[%clk 1:00:30]} 17. Bf1 {[%clk 1:07:57]} Ne4 {[%clk 0:59:32]} 18. Qc2
{[%clk 1:08:15]} Ng5 {[%clk 0:56:00]} 19. Bg2 {[%clk 0:51:25]} Qh5
{[%clk 0:47:31]} 20. Kf1 {[%clk 0:49:32]} Rb8 {[%clk 0:45:58]} 21. Nc4
{[%clk 0:44:02]} Rc7 {[%clk 0:40:05]} 22. Nxd6 {[%clk 0:35:21]} exd6
{[%clk 0:38:59]} 23. Bxd6 {[%clk 0:32:58]} Rbc8 {[%clk 0:23:41]} 24. Bxc7
{[%clk 0:32:32]} Rxc7 {[%clk 0:24:08]} 25. d5 {[%clk 0:31:27]} Nxh3
{[%clk 0:21:01]} 26. Ra8+ {[%clk 0:20:26]} Nf8 {[%clk 0:20:14]} 27. Rd2
{[%clk 0:19:02]} Ng5 {[%clk 0:17:50]} 28. Qd1 {[%clk 0:16:51]} Qxd1+
{[%clk 0:05:34]} 29. Rxd1 {[%clk 0:17:16]} Rd7 {[%clk 0:05:58]} 30. f4
{[%clk 0:15:05]} Nge6 {[%clk 0:06:13]} 31. dxe6 {[%clk 0:14:47]} Rxd1+
{[%clk 0:05:02]} 32. Ke2 {[%clk 0:15:12]} Rg1 {[%clk 0:04:41]} 33. e7
{[%clk 0:15:19]} Rxg2+ {[%clk 0:04:43]} 34. Kf3 {[%clk 0:15:36]} 1-0

[Event "1SM"]
[Site "Sharjah Chess Club"]
[Date "2017.03.27"]
[Round "5.10"]
[White "Xu, Xiangyu"]
[Black "Areshchenko, Alexander"]
[Result "1/2-1/2"]
[BlackElo "2682"]
[WhiteElo "2503"]
[LiveChessVersion "1.4.8"]

1. d4 {[%clk 1:40:24]} Nf6 {[%clk 1:40:26]} 2. c4 {[%clk 1:40:47]} g6
{[%clk 1:40:53]} 3. Nf3 {[%clk 1:41:11]} Bg7 {[%clk 1:41:19]} 4. Nc3
{[%clk 1:41:36]} d5 {[%clk 1:41:44]} 5. h4 {[%clk 1:42:02]} c6 {[%clk 1:40:52]}
6. cxd5 {[%clk 1:42:24]} cxd5 {[%clk 1:41:14]} 7. Bf4 {[%clk 1:42:49]} Nc6
{[%clk 1:40:45]} 8. e3 {[%clk 1:43:12]} O-O {[%clk 1:40:41]} 9. Qb3
{[%clk 1:43:38]} Na5 {[%clk 1:38:43]} 10. Qa3 {[%clk 1:43:30]} Bf5
{[%clk 1:26:35]} 11. Be2 {[%clk 1:43:47]} Nc4 {[%clk 1:23:21]} 12. Qb3
{[%clk 1:44:09]} Qb6 {[%clk 1:14:48]} 13. Bxc4 {[%clk 1:44:30]} dxc4
{[%clk 1:15:16]} 14. Qxb6 {[%clk 1:44:51]} axb6 {[%clk 1:15:43]} 15. Be5
{[%clk 1:45:20]} Ra5 {[%clk 1:12:06]} 16. Bxf6 {[%clk 1:41:05]} Bxf6
{[%clk 1:10:43]} 17. O-O-O {[%clk 1:41:07]} Bg4 {[%clk 1:06:47]} 18. a3
{[%clk 1:33:54]} Rf5 {[%clk 0:56:58]} 19. Rd2 {[%clk 1:19:54]} Bxf3
{[%clk 0:56:01]} 20. gxf3 {[%clk 1:20:17]} Rxf3 {[%clk 0:52:48]} 21. Ne4
{[%clk 1:20:38]} Bg7 {[%clk 0:46:11]} 22. Kd1 {[%clk 1:15:08]} Rf5
{[%clk 0:45:06]} 23. Ke2 {[%clk 1:14:57]} Rd8 {[%clk 0:38:33]} 24. b3
{[%clk 0:56:13]} cxb3 {[%clk 0:38:09]} 25. Rb1 {[%clk 0:56:27]} Rh5
{[%clk 0:35:44]} 26. Rxb3 {[%clk 0:35:01]} Rxh4 {[%clk 0:36:09]} 27. f4
{[%clk 0:34:23]} f5 {[%clk 0:26:49]} 28. Nf2 {[%clk 0:33:21]} g5 {[%clk 0:26:08]}
29. fxg5 {[%clk 0:26:12]} f4 {[%clk 0:26:17]} 30. d5 {[%clk 0:26:34]} fxe3
{[%clk 0:21:46]} 31. Rxe3 {[%clk 0:26:58]} Kf7 {[%clk 0:21:27]} 32. Kf3
{[%clk 0:24:10]} Ra4 {[%clk 0:13:53]} 33. Ng4 {[%clk 0:19:16]} Bd4
{[%clk 0:12:15]} 34. Re4 {[%clk 0:17:21]} Rxa3+ {[%clk 0:10:05]} 35. Kf4
{[%clk 0:17:35]} Bc5 {[%clk 0:08:28]} 36. Nh6+ {[%clk 0:13:16]} Kf8
{[%clk 0:08:30]} 37. Kg4 {[%clk 0:11:11]} Rda8 {[%clk 0:06:56]} 38. Rf4+
{[%clk 0:08:34]} Ke8 {[%clk 0:07:22]} 39. Nf5 {[%clk 0:09:01]} Ra2
{[%clk 0:05:38]} 40. Rxa2 {[%clk 0:06:36]} Rxa2 {[%clk 0:06:04]} 41. Ng7+
{[%clk 0:07:01]} Kd7 {[%clk 0:06:30]} 42. Ne6 {[%clk 0:07:18]} Kd6
{[%clk 0:06:37]} 43. Rf7 {[%clk 0:06:31]} Rh2 {[%clk 0:05:08]} 44. Kg3
{[%clk 0:02:37]} Rh1 {[%clk 0:04:27]} 45. Kg2 {[%clk 0:03:06]} Rh5
{[%clk 0:04:06]} 46. Kf3 {[%clk 0:03:35]} Ba3 {[%clk 0:03:27]} 47. Rf8
{[%clk 0:01:11]} Rh1 {[%clk 0:03:10]} 48. Rh8 {[%clk 0:01:07]} Bb2
{[%clk 0:01:03]} 49. Rd8+ {[%clk 0:01:35]} Ke5 {[%clk 0:01:30]} 50. Rd7
{[%clk 0:02:01]} Ba3 {[%clk 0:01:41]} 51. Rxb7 {[%clk 0:02:10]} Kxd5
{[%clk 0:01:11]} 52. Rxb6 {[%clk 0:02:38]} Bd6 {[%clk 0:01:31]} 53. Nd8
{[%clk 0:03:06]} Rf1+ {[%clk 0:01:20]} 54. Kg4 {[%clk 0:02:12]} Bc7
{[%clk 0:00:43]} 55. Rb7 {[%clk 0:02:37]} Bxd8 {[%clk 0:00:45]} 56. Rd7+
{[%clk 0:03:04]} Ke4 {[%clk 0:01:11]} 57. Rxd8 {[%clk 0:03:30]} Rg1+
{[%clk 0:01:38]} 58. Kh5 {[%clk 0:03:53]} e5 {[%clk 0:02:01]} 59. Rd7
{[%clk 0:03:25]} Rh1+ {[%clk 0:02:04]} 60. Kg4 {[%clk 0:03:51]} Ke3
{[%clk 0:02:25]} 61. Ra7 {[%clk 0:04:12]} Ke4 {[%clk 0:02:18]} 62. Ra4+
{[%clk 0:04:19]} Kd5 {[%clk 0:02:45]} 63. Ra5+ {[%clk 0:04:42]} Ke6
{[%clk 0:03:12]} 64. Ra6+ {[%clk 0:05:09]} Kd5 {[%clk 0:03:31]} 1/2-1/2

[Event "1SM"]
[Site "Sharjah Chess Club"]
[Date "2017.03.27"]
[Round "5.11"]
[White "Safarli, Eltaj"]
[Black "Deepan, Chakkravarthy J."]
[Result "0-1"]
[BlackElo "2483"]
[WhiteElo "2680"]
[LiveChessVersion "1.4.8"]

1. e4 {[%clk 1:38:29]} e5 {[%clk 1:40:24]} 2. Nc3 {[%clk 1:38:51]} Nf6
{[%clk 1:40:42]} 3. g3 {[%clk 1:39:11]} d5 {[%clk 1:40:20]} 4. exd5
{[%clk 1:39:33]} Nxd5 {[%clk 1:40:46]} 5. Bg2 {[%clk 1:40:00]} Nf6
{[%clk 1:41:03]} 6. Nf3 {[%clk 1:40:23]} Nc6 {[%clk 1:41:28]} 7. O-O
{[%clk 1:40:36]} Bc5 {[%clk 1:41:50]} 8. d3 {[%clk 1:40:26]} O-O {[%clk 1:42:13]}
9. Bg5 {[%clk 1:37:52]} h6 {[%clk 1:35:16]} 10. Ne4 {[%clk 1:36:06]} Be7
{[%clk 1:35:04]} 11. Bxf6 {[%clk 1:36:30]} Bxf6 {[%clk 1:35:29]} 12. Re1
{[%clk 1:35:35]} Be7 {[%clk 1:28:43]} 13. Ned2 {[%clk 1:31:44]} Bf6
{[%clk 1:20:13]} 14. Nc4 {[%clk 1:29:45]} Re8 {[%clk 1:19:54]} 15. Nfd2
{[%clk 1:30:03]} Be6 {[%clk 1:18:38]} 16. Ne4 {[%clk 1:13:00]} Be7
{[%clk 1:16:46]} 17. Ned2 {[%clk 1:10:01]} Bf6 {[%clk 1:16:41]} 18. Be4
{[%clk 1:07:16]} Rb8 {[%clk 1:11:40]} 19. c3 {[%clk 1:03:08]} Qd7
{[%clk 1:05:25]} 20. a4 {[%clk 0:56:41]} Bg4 {[%clk 0:56:13]} 21. Bf3
{[%clk 0:50:51]} Bxf3 {[%clk 0:53:32]} 22. Qxf3 {[%clk 0:51:14]} Rbd8
{[%clk 0:53:54]} 23. Ne4 {[%clk 0:51:16]} Be7 {[%clk 0:54:12]} 24. Ne3
{[%clk 0:51:24]} Bf8 {[%clk 0:46:12]} 25. Rad1 {[%clk 0:41:40]} a5
{[%clk 0:43:25]} 26. g4 {[%clk 0:38:55]} Ne7 {[%clk 0:36:16]} 27. Nf5
{[%clk 0:29:49]} Qxa4 {[%clk 0:31:20]} 28. Kh1 {[%clk 0:22:58]} Qc6
{[%clk 0:30:32]} 29. Rg1 {[%clk 0:20:47]} Nd5 {[%clk 0:26:48]} 30. g5
{[%clk 0:15:36]} hxg5 {[%clk 0:21:24]} 31. Rxg5 {[%clk 0:14:06]} Nf4
{[%clk 0:18:33]} 32. Nxg7 {[%clk 0:09:01]} Bxg7 {[%clk 0:18:54]} 33. Qg4
{[%clk 0:08:33]} Qh6 {[%clk 0:08:57]} 34. Rg1 {[%clk 0:08:26]} Ne6
{[%clk 0:07:38]} 35. Rh5 {[%clk 0:03:41]} Qf4 {[%clk 0:08:00]} 36. Qh3
{[%clk 0:00:41]} Kf8 {[%clk 0:08:23]} 37. Rh7 {[%clk 0:00:38]} Ke7
{[%clk 0:07:11]} 38. Ng3 {[%clk 0:00:31]} Qf3+ {[%clk 0:02:58]} 39. Rg2
{[%clk 0:01:01]} Kf8 {[%clk 0:02:54]} 40. Nf5 {[%clk 0:00:32]} Qxh3
{[%clk 0:02:57]} 41. Rxh3 {[%clk 0:01:01]} Nf4 {[%clk 0:01:37]} 42. Rxg7
{[%clk 0:01:05]} Nxh3 {[%clk 0:02:03]} 43. Rh7 {[%clk 0:01:30]} Nxf2+
{[%clk 0:01:36]} 44. Kg2 {[%clk 0:01:58]} Kg8 {[%clk 0:01:52]} 45. Rg7+
{[%clk 0:02:14]} Kh8 {[%clk 0:02:20]} 46. Kxf2 {[%clk 0:02:39]} Rxd3
{[%clk 0:01:19]} 47. Rxf7 {[%clk 0:02:35]} e4 {[%clk 0:01:41]} 48. Ne3
{[%clk 0:01:35]} Rd2+ {[%clk 0:02:00]} 49. Kg3 {[%clk 0:01:37]} Rxb2
{[%clk 0:00:58]} 50. Ng4 {[%clk 0:01:23]} Rb6 {[%clk 0:00:50]} 51. Kf4
{[%clk 0:00:40]} a4 {[%clk 0:00:45]} 52. Ke3 {[%clk 0:01:01]} Ree6
{[%clk 0:00:56]} 53. Rf2 {[%clk 0:00:31]} a3 {[%clk 0:01:15]} 54. Ra2
{[%clk 0:00:54]} Ra6 {[%clk 0:01:28]} 55. Kd2 {[%clk 0:00:45]} Reb6
{[%clk 0:01:18]} 56. Kc2 {[%clk 0:01:11]} Kg7 {[%clk 0:01:16]} 57. Ne3
{[%clk 0:01:16]} Rb2+ {[%clk 0:01:27]} 58. Rxb2 {[%clk 0:01:43]} axb2
{[%clk 0:01:54]} 59. Kxb2 {[%clk 0:02:04]} Kf6 {[%clk 0:02:15]} 0-1

[Event "1SM"]
[Site "Sharjah Chess Club"]
[Date "2017.03.27"]
[Round "5.12"]
[White "Santos Ruiz, Miguel"]
[Black "Anton Guijarro, David"]
[Result "1/2-1/2"]
[BlackElo "2676"]
[WhiteElo "2480"]
[LiveChessVersion "1.4.8"]

1. d4 {[%clk 1:40:58]} Nf6 {[%clk 1:39:45]} 2. c4 {[%clk 1:41:15]} e6
{[%clk 1:39:56]} 3. Nf3 {[%clk 1:41:32]} b6 {[%clk 1:38:41]} 4. g3
{[%clk 1:41:45]} Ba6 {[%clk 1:38:17]} 5. b3 {[%clk 1:40:19]} Bb4+
{[%clk 1:38:36]} 6. Bd2 {[%clk 1:40:45]} Be7 {[%clk 1:39:01]} 7. Bg2
{[%clk 1:26:57]} c6 {[%clk 1:37:37]} 8. O-O {[%clk 1:20:50]} d5 {[%clk 1:35:03]}
9. Qc2 {[%clk 1:20:04]} Nbd7 {[%clk 1:35:05]} 10. Rd1 {[%clk 1:17:08]} O-O
{[%clk 1:34:02]} 11. Bf4 {[%clk 1:14:37]} h6 {[%clk 1:25:34]} 12. a4
{[%clk 0:46:06]} Qc8 {[%clk 1:20:32]} 13. Na3 {[%clk 0:43:28]} Bb7
{[%clk 1:09:39]} 14. Qb2 {[%clk 0:40:46]} a5 {[%clk 1:01:51]} 15. Rac1
{[%clk 0:37:29]} Ne4 {[%clk 0:56:47]} 16. Nd2 {[%clk 0:35:13]} Nxd2
{[%clk 0:56:57]} 17. Bxd2 {[%clk 0:33:57]} Nf6 {[%clk 0:56:13]} 18. cxd5
{[%clk 0:25:32]} exd5 {[%clk 0:56:25]} 19. b4 {[%clk 0:25:58]} axb4
{[%clk 0:56:40]} 20. Bxb4 {[%clk 0:26:22]} Re8 {[%clk 0:32:06]} 21. Bxe7
{[%clk 0:25:39]} Rxe7 {[%clk 0:32:35]} 22. Qxb6 {[%clk 0:26:04]} Rxa4
{[%clk 0:31:12]} 23. e3 {[%clk 0:26:16]} Rxa3 {[%clk 0:29:38]} 24. Qb4
{[%clk 0:25:43]} Raxe3 {[%clk 0:29:47]} 25. fxe3 {[%clk 0:26:10]} Rxe3
{[%clk 0:30:11]} 26. Rb1 {[%clk 0:25:54]} Ba6 {[%clk 0:29:24]} 27. Qb8
{[%clk 0:21:54]} Qxb8 {[%clk 0:29:29]} 28. Rxb8+ {[%clk 0:22:21]} Kh7
{[%clk 0:29:53]} 29. Rc1 {[%clk 0:22:06]} Bb5 {[%clk 0:27:26]} 30. Bf1
{[%clk 0:22:27]} Bxf1 {[%clk 0:27:31]} 31. Kxf1 {[%clk 0:22:52]} Ng4
{[%clk 0:25:52]} 32. Rb2 {[%clk 0:19:37]} Rd3 {[%clk 0:23:00]} 33. Rxc6
{[%clk 0:19:46]} Rxd4 {[%clk 0:23:24]} 34. Rc7 {[%clk 0:19:32]} f6
{[%clk 0:14:42]} 35. h3 {[%clk 0:11:19]} Ne3+ {[%clk 0:15:05]} 36. Ke2
{[%clk 0:11:47]} Nf5 {[%clk 0:14:58]} 37. g4 {[%clk 0:10:45]} Re4+
{[%clk 0:13:56]} 38. Kf2 {[%clk 0:09:59]} Nd4 {[%clk 0:12:22]} 39. Rb4
{[%clk 0:07:45]} Rf4+ {[%clk 0:07:00]} 1/2-1/2